00341nam a2200133Ia 4500008004100000041000800041082001600049100002000065245003400085250001400119260003700133300003000170365000700200240624s9999 xx 000 0 und d aeng a005.133 SCH aSCHILDT HERBERT aJAVA 2 THE COMPLETE REFERENCE a(5th ed.) c2005aNew DelhibTata McGrawhill axxviii, : 1168 : p. ; cm. cRS